000 00564nam a22002177a 4500
003 UA-OsUOA
001 38059
007 ta
008 20070625b un ||||| |||| 00| 0 ukr d
090 _a94(477)
_bХ94
942 _cBK
040 _aUA-OsUOA
_bukr
_cUA-OsUOA
_dUA-OsUOA
245 _aХроніка Землі Руської (Української)
300 _a43 с.
955 _a1
041 _aukr
080 _a94(477)
260 _aЕдмонтон
_c1969
650 7 _a9 Географія. Біографії. Історія
_2UDC
999 _c436588
_d436588